000 00824nam a2200205 a 4500
008 120416s1985 ||||||||||||||||| || u
020 _a0408013745
050 _aTA 407 Pea
100 _aPeapell, P. N
245 1 0 _aBASIC materials studies
260 _aLondon:
_bButterworths
_c1985
300 _a(x), 143p.: ill
350 _a0.00
500 _aIncludes index. -Bibliography: p. 138.
650 _aBASIC (COMPUTER PROGRAM LANGUAGE)
650 _aMATERIALS--DATA PROCESSING
700 _aBelk, J. A
995 _D0.00
_FCBU-MAIN LIBRARY (Kitwe)
_H1
_I9.50
_M1
_UAVAILABLE
_ZAnnex Low-Usage Collection
995 _D0.00
_FCBU-MAIN LIBRARY (Kitwe)
_H2
_I9.50
_M2
_UAVAILABLE
_ZAnnex Low-Usage Collection
999 _c81019
_d81019